[Event "Olomouc Chess Summer 2024 - D2"]
[Site "Olomouc (CZE), Hotel Flora"]
[Date "2024.08.12"]
[Round "4"]
[Board "5"]
[White "Chubar, Vladimir"]
[Black "Kubicek, Antonin"]
[Result "0-1"]
[WhiteElo "1877"]
[BlackElo "2084"]
[PlyCount "0"]
[EventDate "2024.08.10"]
[EventRounds "9"]
[EventCountry "CZE"]

1. d4 Nf6 2. Nf3 d6 3. Bg5 h6 4. Bh4 g5 5. Bg3 Nh5 6. e4 Nxg3 7. hxg3 Bg7 8. c3 e6
9. Nbd2 Nd7 10. Bc4 Qe7 11. Qe2 c5 12. O-O cxd4 13. Nxd4 a6 14. a4 Ne5 15. Bb3 h5
16. N4f3 Nxf3+ 17. gxf3 Bd7 18. Nc4 Rd8 19. Rad1 Be5 20. Rd2 h4 21. Nxe5 dxe5 22.
g4 Bc6 23. Rfd1 O-O 24. Rxd8 Rxd8 25. Rxd8+ Qxd8 26. Qe3 Kg7 27. Bc2 Qf6 28. b4 Qf4
29. c4 Qxe3 30. fxe3 b6 31. b5 Bb7 32. Bd3 Kf8 33. Kf2 Ke7 34. Ke1 axb5 35. cxb5
Kd6 36. Kd2 f5 37. gxf5 exf5 38. exf5 Bxf3 39. Bf1 g4 40. Ke1 h3 41. Kf2 h2 42. Bg2
h1=Q 43. Bxh1 Bxh1 44. Kg3 Bf3 45. e4 Ke7 46. a5 bxa5 47. b6 Bxe4 48. Kxg4 a4  0-1

[Event "Olomouc Chess Summer 2024 - D2"]
[Site "Olomouc (CZE), Hotel Flora"]
[Date "2024.08.12"]
[Round "4"]
[Board "6"]
[White "Jenssen, Ove S"]
[Black "Fleuren, Jan"]
[Result "0-1"]
[WhiteElo "1857"]
[BlackElo "2049"]
[PlyCount "0"]
[EventDate "2024.08.10"]
[EventRounds "9"]
[EventCountry "CZE"]

1. e4 d6 2. d4 Nf6 3. Bd3 e5 4. c3 d5 5. dxe5 Nxe4 6. Bxe4 dxe4 7. Qxd8+ Kxd8 8.
Bf4 Nd7 9. Ne2 Nc5 10. O-O Bg4 11. Ng3 Nd3 12. Bg5+ Be7 13. Bxe7+ Kxe7 14. h3 Be6
15. b3 Nxe5 16. Nxe4 Nd3 17. c4 h6 18. Nbc3 Rhd8 19. Rad1 c6 20. f4 f5 21. Ng3 Rd7
22. Rd2 g6 23. Nge2 Rad8 24. Rfd1 Kf6 25. Kf1 g5 26. fxg5+ hxg5 27. g3 Ke7 28. Nb1
Bf7 29. g4 fxg4 30. hxg4 Be6 31. Nbc3 Bxg4 32. Rxd3 Rxd3 33. Nd5+ R3xd5 34. cxd5
Rxd5 35. Rc1 Rf5+ 36. Ke1  0-1

[Event "Olomouc Chess Summer 2024 - D2"]
[Site "Olomouc (CZE), Hotel Flora"]
[Date "2024.08.12"]
[Round "4"]
[Board "7"]
[White "Urban, Zdenek"]
[Black "Kruska, Vladimir"]
[Result "1/2-1/2"]
[WhiteElo "2167"]
[BlackElo "1893"]
[PlyCount "0"]
[EventDate "2024.08.10"]
[EventRounds "9"]
[EventCountry "CZE"]

1. d4 d5 2. c4 c6 3. Nc3 Nf6 4. e3 e6 5. Nf3 Nbd7 6. Bd3 dxc4 7. Bxc4 b5 8. Bd3 Bb7
9. O-O a6 10. a4 b4 11. Ne4 c5 12. Nxc5 Nxc5 13. dxc5 Bxc5 14. Qe2 Ne4 15. Nd2 Nxd2
16. Bxd2 Qe7 17. Rac1 Bd6 18. Rfd1 O-O 19. e4 Be5 20. Be3 Rfd8 21. Bb6 Rd7 22. Bb1
Rxd1+ 23. Rxd1 Bc7 24. Be3 Rd8 25. Rc1 Qd6 26. g3 Bb6 27. Bxb6 Qxb6 28. Rd1 Rd4 29.
Rxd4 Qxd4 30. Qd3 Qxd3 31. Bxd3 e5 32. f4 f6 33. Kf2 Kf7 34. h4 Ke6 35. Ke3 Kd6 36.
a5 Kc5 37. b3 Bc8 38. Bc4 Bb7 39. Kd3 Bc8 40. Bg8 h6 41. Bc4 Bb7 42. Ke3 Bc8  1/2-1/2

[Event "Olomouc Chess Summer 2024 - D2"]
[Site "Olomouc (CZE), Hotel Flora"]
[Date "2024.08.12"]
[Round "4"]
[Board "8"]
[White "Tarakanov, Oleg"]
[Black "Musil, Vitezslav"]
[Result "0-1"]
[WhiteElo "2108"]
[BlackElo "1904"]
[PlyCount "0"]
[EventDate "2024.08.10"]
[EventRounds "9"]
[EventCountry "CZE"]

1. e4 e6 2. d4 d5 3. e5 c5 4. c3 Nc6 5. Nf3 Qb6 6. a3 c4 7. g3 f6 8. exf6 Nxf6 9.
Bh3 Bd6 10. O-O O-O 11. Nbd2 e5 12. Bxc8 Raxc8 13. dxe5 Bxe5 14. Kg2 Bb8 15. b4 Rcd8
16. Qc2 Ng4 17. Ra2 Nce5 18. h3 Nxf3 19. Nxf3 Rxf3 20. hxg4 Rd3 21. Be3 Qg6 22. Rd1
Qe4+ 23. Kh2 Rxe3 24. fxe3 Qxg4 25. Rg1 Qh4+  0-1

[Event "Olomouc Chess Summer 2024 - D2"]
[Site "Olomouc (CZE), Hotel Flora"]
[Date "2024.08.12"]
[Round "4"]
[Board "9"]
[White "Lorenc, Oldrich"]
[Black "Kulhavy, Frantisek"]
[Result "1-0"]
[WhiteElo "2013"]
[BlackElo "1889"]
[PlyCount "0"]
[EventDate "2024.08.10"]
[EventRounds "9"]
[EventCountry "CZE"]

1. Nf3 d5 2. g3 Nf6 3. Bg2 e6 4. O-O Nbd7 5. c4 c6 6. d3 Bd6 7. Nc3 O-O 8. e4 Qc7
9. Qe2 h6 10. Re1 dxe4 11. dxe4 e5 12. a3 a5 13. Nh4 Nc5 14. Be3 Nb3 15. Rad1 Ng4
16. Nf5 Bxf5 17. exf5 Nf6 18. Ne4 Nxe4 19. Bxe4 f6 20. c5 Nd4 21. Qc4+ Kh8 22. Bxd4
exd4 23. cxd6 Qxd6 24. Qxd4 Qc7 25. Qc5 Rfe8 26. Bf3 Qf7 27. Rxe8+ Rxe8 28. Qxa5
Kh7 29. Re1 Rb8 30. Qb4  1-0

[Event "Olomouc Chess Summer 2024 - D2"]
[Site "Olomouc (CZE), Hotel Flora"]
[Date "2024.08.12"]
[Round "4"]
[Board "10"]
[White "Postolati, Alexander"]
[Black "Kamminga, Rob"]
[Result "0-1"]
[WhiteElo "1855"]
[BlackElo "1998"]
[PlyCount "0"]
[EventDate "2024.08.10"]
[EventRounds "9"]
[EventCountry "CZE"]

1. d4 Nf6 2. c4 g6 3. Nc3 Bg7 4. e4 d6 5. Nf3 O-O 6. Be2 e5 7. d5 Nbd7 8. Be3 Nc5
9. Nd2 a5 10. h4 Ne8 11. h5 f5 12. hxg6 hxg6 13. f3 Bf6 14. Bf2 Bg5 15. Qc2 Qf6 16.
Rf1 Bd7 17. O-O-O Rf7 18. Kb1 Rh7 19. Bg1 b6 20. Ka1 a4 21. exf5 gxf5 22. g4 a3 23.
b3 e4 24. fxe4 f4 25. Nf3 Rh3 26. Bd4 Qh6 27. Nxg5 Qxg5 28. Rh1 Qh4 29. Bf3 Kf7 30.
Rxh3 Qxh3 31. Qe2 Qh7 32. Rh1 Qg8 33. e5 dxe5 34. Qxe5 Nd3 35. Qxc7 Nxc7 36. Be4
Nc5 37. Rh7+ Qxh7 38. Bxh7 Re8 39. Kb1 Bxg4  0-1

[Event "Olomouc Chess Summer 2024 - D2"]
[Site "Olomouc (CZE), Hotel Flora"]
[Date "2024.08.12"]
[Round "4"]
[Board "11"]
[White "Franc, Lubor"]
[Black "Petras, Milan"]
[Result "0-1"]
[WhiteElo "1838"]
[BlackElo "1985"]
[PlyCount "0"]
[EventDate "2024.08.10"]
[EventRounds "9"]
[EventCountry "CZE"]

1. e4 e6 2. d4 d5 3. e5 c5 4. c3 Qb6 5. Nf3 Bd7 6. Be2 cxd4 7. cxd4 Bb5 8. Qb3 Bxe2
9. Qxb6 axb6 10. Kxe2 Nc6 11. Bd2 f6 12. Kd3 fxe5 13. Nxe5 Nxe5+ 14. dxe5 Ne7 15.
Bc3 Nc6 16. f4 g6 17. g3 Be7 18. h4 h5 19. Ke2 Kf7 20. Rd1 Bc5 21. b3 b5 22. Bb2
b4 23. Kd3 Bf2 24. Rh1 Bxg3 25. Ke3 Ne7 26. Nd2 Nf5+ 27. Kf3 Bxh4 28. Kg2 Rhc8 29.
Rhc1 Rxc1 30. Bxc1 Ne3+ 31. Kh3 Nc2 32. Rb1 Be7 33. Rb2 Ne1 34. Nf1 Nd3 35. Rc2 Nxc1
36. Rxc1 Rxa2 37. Rb1 Bc5 38. Kg3 Bd4 39. Kf3 Rb2 40. Rxb2 Bxb2 41. Ne3 g5 42. Nc2
g4+ 43. Kg3 Bc3 44. Kh4 Kg6 45. Ne3 Be1#  0-1

[Event "Olomouc Chess Summer 2024 - D2"]
[Site "Olomouc (CZE), Hotel Flora"]
[Date "2024.08.12"]
[Round "4"]
[Board "12"]
[White "Spanton, Tim R"]
[Black "Kolek, Josef"]
[Result "1/2-1/2"]
[WhiteElo "1980"]
[BlackElo "1853"]
[PlyCount "0"]
[EventDate "2024.08.10"]
[EventRounds "9"]
[EventCountry "CZE"]

1. e4 d6 2. d4 g6 3. Nc3 Bg7 4. f4 Nc6 5. d5 Nb8 6. Nf3 Bg4 7. h3 Bxf3 8. Qxf3 Nd7
9. Bc4 Ngf6 10. O-O O-O 11. Be3 c6 12. a4 c5 13. Rae1 a6 14. Bd2 Ne8 15. g4 Nc7 16.
g5 Rb8 17. a5 b5 18. axb6 Rxb6 19. b3 Nb5 20. Nxb5 axb5 21. Bd3 Rb8 22. h4 Qc7 23.
Qe2 Qb7 24. Rb1 b4 25. h5 Ra8 26. Kh2 Nb6 27. Rbd1 e6 28. hxg6 exd5 29. exd5 Rae8
30. gxf7+ Qxf7 31. Qf3 Nd7 32. Qg4 Nb6 33. g6 Qxd5 34. Bxb4 Qc6 35. Qh5 h6 36. Bd2
d5 37. f5 c4 38. Bxh6 cxd3 39. Rxd3 Bxh6 40. Qxh6 Re2+ 41. Kh3 Qc7 42. Rg3 Qg7 43.
Qh4 Re4 44. Qh5 Rf6 45. c4 d4 46. Kg2 Nd7 47. Qf3 Qe7 48. Rf2 Qe5 49. Rh3 Rd6 50.
Qh5 Qg7 51. Ra2 Nf6 52. Ra8+ Re8 53. Rxe8+ Nxe8 54. Qf3 d3 55. Qe4 Qd7 56. Rh7 Nf6
57. Rxd7 Nxe4 58. Rxd6 Nxd6 59. Kf2 Nxf5 60. Ke1 Kg7 61. Kd2 Kxg6 62. Kxd3 Kf6 63.
Ke4 Ke6 64. b4 Nd6+ 65. Kd4 Nb7 66. c5 Kd7 67. Kd5 Kc7 68. c6 Nd8 69. b5 Kb6 70.
Kd6 Nf7+ 71. Kd7 Ne5+ 72. Kd6 Nf7+ 73. Ke6 Ng5+ 74. Kd7 Ne4 75. c7 Nc5+ 76. Kd6 Nb7+
 1/2-1/2

[Event "Olomouc Chess Summer 2024 - D2"]
[Site "Olomouc (CZE), Hotel Flora"]
[Date "2024.08.12"]
[Round "4"]
[Board "13"]
[White "Ortoft, Kai"]
[Black "Tejkal, Jiri"]
[Result "1-0"]
[WhiteElo "1968"]
[BlackElo "1882"]
[PlyCount "0"]
[EventDate "2024.08.10"]
[EventRounds "9"]
[EventCountry "CZE"]

1. Nf3 Nf6 2. c4 c6 3. g3 d5 4. b3 Bf5 5. Bg2 e6 6. d3 h6 7. O-O Nbd7 8. Nbd2 Be7
9. Qc2 O-O 10. Bb2 Bh7 11. a3 Qc7 12. b4 a5 13. Bc3 a4 14. Qb2 Rfd8 15. Rac1 Qb8
16. Rfe1 Bf8 17. Ne5 Qa7 18. h3 Nxe5 19. Bxe5 Nd7 20. Bc3 f6 21. e4 dxc4 22. dxc4
Rac8 23. c5 Kh8 24. Nc4 Be7 25. Rcd1 Nf8 26. e5 f5 27. Nd6 Bxd6 28. exd6 Rd7 29.
Bf1 b6 30. Bc4 Bg8 31. Bd4 b5 32. Ba2 Re8 33. Qd2 Kh7 34. Bb1 Qa8 35. Re3 Qd8 36.
Rde1 Qg5 37. f4 Qh5 38. Kh2 e5 39. Rxe5 Rxe5 40. Rxe5 g6 41. Re7+  1-0

[Event "Olomouc Chess Summer 2024 - D2"]
[Site "Olomouc (CZE), Hotel Flora"]
[Date "2024.08.12"]
[Round "4"]
[Board "14"]
[White "Voegerl, Ronald"]
[Black "Brousek, Jiri"]
[Result "0-1"]
[WhiteElo "1948"]
[BlackElo "1822"]
[PlyCount "0"]
[EventDate "2024.08.10"]
[EventRounds "9"]
[EventCountry "CZE"]

1. d4 d5 2. c4 c6 3. Nf3 Nf6 4. g3 dxc4 5. Bg2 b5 6. Ne5 Bb7 7. O-O e6 8. Nc3 Qc7
9. e4 Nbd7 10. f4 Be7 11. g4 O-O 12. g5 Ne8 13. Ng4 b4 14. Ne2 c5 15. Kh1 cxd4 16.
Nxd4 Nd6 17. Qe2 c3 18. bxc3 bxc3 19. Ba3 Nc5 20. Nf2 Ba6 21. Qc2 Bxf1 22. Rxf1 Nc4
23. Bc1 Nd2 24. Bxd2 cxd2 25. Qxd2 Rfd8 26. Qe3 e5 27. fxe5 Bxg5 28. Qxg5 Rxd4 29.
Ng4 Qb6 30. Nf6+ Kh8 31. Qh5 gxf6 32. Rxf6 Qb7 33. e6 Nxe6 34. Qe5 Qc7 35. Rxe6+
Qxe5 36. Rxe5 Rb4  0-1

[Event "Olomouc Chess Summer 2024 - D2"]
[Site "Olomouc (CZE), Hotel Flora"]
[Date "2024.08.12"]
[Round "4"]
[Board "15"]
[White "Titera, Libor"]
[Black "Dvorak, Vladimir"]
[Result "0-1"]
[WhiteElo "1794"]
[BlackElo "1931"]
[PlyCount "0"]
[EventDate "2024.08.10"]
[EventRounds "9"]
[EventCountry "CZE"]

1. e4 e6 2. d4 d5 3. Nd2 Be7 4. e5 c5 5. c3 Nc6 6. Ngf3 Qb6 7. Bd3 Bd7 8. O-O cxd4
9. cxd4 f6 10. Nb3 a5 11. Be3 a4 12. Nc5 Bxc5 13. dxc5 Qc7 14. exf6 Nxf6 15. Re1
O-O 16. Rc1 e5 17. Bb1 e4 18. Nd4 Ng4 19. g3 Nge5 20. Kh1 Bg4 21. Ne2 Bf3+ 22. Kg1
Qd7  0-1

[Event "Olomouc Chess Summer 2024 - D2"]
[Site "Olomouc (CZE), Hotel Flora"]
[Date "2024.08.12"]
[Round "4"]
[Board "16"]
[White "Bartos, Alois"]
[Black "Lizner, Milan"]
[Result "1/2-1/2"]
[WhiteElo "1931"]
[BlackElo "1820"]
[PlyCount "0"]
[EventDate "2024.08.10"]
[EventRounds "9"]
[EventCountry "CZE"]

1. e4 c5 2. Nf3 Nc6 3. d4 cxd4 4. Nxd4 e5 5. Nb5 a6 6. Nd6+ Bxd6 7. Qxd6 Qf6 8. Qd1
Nge7 9. Nc3 Qg6 10. h4 h5 11. Rh3 d5 12. Rg3 Qh7 13. exd5 Nb4 14. Bd3 Nxd3+ 15. Rxd3
Bf5 16. Rd2 O-O 17. d6 Nc6 18. Nd5 Qg6 19. Ne3 Be4 20. Kf1 f5 21. f3 f4 22. Nd5 Bxd5
23. Rxd5 Nd4 24. c3 Qe6 25. Rxd4 exd4 26. Qxd4 Qf6 27. Qd5+ Qf7 28. Qxf7+ Rxf7 29.
b3 Rc8 30. c4 b5 31. cxb5 axb5 32. Ba3 Rc2 33. Bb4 Rd7 34. a3 Rb2 35. Rd1 Rxb3 36.
Rd4 Kf7 37. Rxf4+ Ke6 38. Re4+ Kf6 39. Kf2 g6 40. Kg3 Rd3 41. Kf4 R7xd6 42. Bxd6
Rxd6 43. Rb4 Rd5 44. Ke4 Rc5 45. Rb3 Rc4+ 46. Kd5 Rxh4 47. Kc5 Rh2 48. g3 g5 49.
Kd4 Rg2 50. Ke4 Rxg3 51. Rxb5 h4 52. a4 h3 53. Rb6+ Kg7 54. Rb1 g4 55. fxg4  1/2-1/2

[Event "Olomouc Chess Summer 2024 - D2"]
[Site "Olomouc (CZE), Hotel Flora"]
[Date "2024.08.12"]
[Round "4"]
[Board "17"]
[White "Bjornes, Leif"]
[Black "Filipik, Jaroslav"]
[Result "1-0"]
[WhiteElo "1909"]
[BlackElo "1777"]
[PlyCount "0"]
[EventDate "2024.08.10"]
[EventRounds "9"]
[EventCountry "CZE"]

1. d4 d5 2. c4 e6 3. Nc3 c6 4. Nf3 Nf6 5. Bg5 Be7 6. e3 Nbd7 7. Qc2 Qc7 8. Rc1 h6
9. Bh4 Bb4 10. Bd3 dxc4 11. Bxc4 Nd5 12. O-O Nxc3 13. bxc3 Ba3 14. Rb1 Bd6 15. e4
Nb6 16. Bd3 e5 17. Bg3 f6 18. c4 c5 19. d5 g5 20. h4 Qg7 21. Be2 h5 22. a4 Nd7 23.
Rb3 Nf8 24. Qd2 Nh7 25. Nh2 g4 26. a5 f5 27. exf5 Bxf5 28. Bd3 O-O 29. Rfb1 Rab8
30. Nf1 Rf7 31. Bxf5 Rxf5 32. Ne3 Rf7 33. Qc2 Qf6 34. R1b2 Nf8 35. Qb1 b6 36. axb6
axb6 37. Rxb6 Rxb6 38. Rxb6 Ng6 39. Rb7 Rxb7 40. Qxb7 Ne7 41. Qd7 Kf8 42. Kh2 Kf7
43. Nf5 Qxf5 44. Qxd6  1-0

[Event "Olomouc Chess Summer 2024 - D2"]
[Site "Olomouc (CZE), Hotel Flora"]
[Date "2024.08.12"]
[Round "4"]
[Board "18"]
[White "Weiss, Petr"]
[Black "Hermansen, Henning W."]
[Result "1-0"]
[WhiteElo "1634"]
[BlackElo "1916"]
[PlyCount "0"]
[EventDate "2024.08.10"]
[EventRounds "9"]
[EventCountry "CZE"]

1. e4 c6 2. d4 d5 3. e5 Bf5 4. Bd3 Bxd3 5. Qxd3 e6 6. Nf3 Nd7 7. b3 Qb6 8. O-O Ne7
9. Nc3 a6 10. Ne2 Nf5 11. Be3 c5 12. c3 cxd4 13. cxd4 Be7 14. Ng3 Nxg3 15. fxg3 f6
16. Kh1 O-O 17. a4 Rac8 18. Rac1 Ba3 19. Rc2 Rxc2 20. Qxc2 fxe5 21. Re1 e4 22. Ng1
Nb8 23. Ne2 Qc6 24. Qa2 Qd6 25. Bf4 Qe7 26. Bxb8 Rxb8 27. Nf4 Bb4 28. Rd1 Rc8 29.
Qe2 Qf6 30. Qg4 Rc6 31. Qe2 Bc3 32. Nh5 Qg5 33. h4 Qh6 34. g4 g5 35. Qf2 Qg6 36.
Rf1 e5 37. Qf8#  1-0

[Event "Olomouc Chess Summer 2024 - D2"]
[Site "Olomouc (CZE), Hotel Flora"]
[Date "2024.08.12"]
[Round "4"]
[Board "19"]
[White "Papay, Jindrich"]
[Black "Modrova, Hana"]
[Result "1-0"]
[WhiteElo "1941"]
[BlackElo "1838"]
[PlyCount "0"]
[EventDate "2024.08.10"]
[EventRounds "9"]
[EventCountry "CZE"]

1. f4 d6 2. Nf3 Nf6 3. g3 c6 4. Bg2 Bg4 5. c3 Qb6 6. d4 Nbd7 7. Qb3 e6 8. Nbd2 Be7
9. O-O Qxb3 10. axb3 d5 11. Re1 O-O 12. Ne5 Nxe5 13. fxe5 Nd7 14. e4 Bh5 15. exd5
cxd5 16. Nf1 a6 17. Bd2 b5 18. c4 Rab8 19. cxd5 exd5 20. Bxd5 Nb6 21. Bg2 Rfc8 22.
Rxa6 Rc2 23. Ba5 Nc8 24. d5 Bc5+ 25. Kh1 Bf2 26. Ra1 Be2 27. d6 Bg4 28. Bc7 Nxd6
29. Bxb8 Nc8 30. Ra8 g6 31. Bd6 Kg7 32. Rb8 Nxd6 33. exd6 Bc5 34. Rxb5 Bxd6 35. Rd5
Be7 36. Ne3  1-0

[Event "Olomouc Chess Summer 2024 - D2"]
[Site "Olomouc (CZE), Hotel Flora"]
[Date "2024.08.12"]
[Round "4"]
[Board "20"]
[White "Pesek, Petr"]
[Black "Zitek, Jiri"]
[Result "0-1"]
[WhiteElo "1903"]
[BlackElo "1773"]
[PlyCount "0"]
[EventDate "2024.08.10"]
[EventRounds "9"]
[EventCountry "CZE"]

1. e4 c6 2. d4 d6 3. Nf3 Nd7 4. Be2 Qc7 5. Nc3 h6 6. O-O g5 7. Be3 Bg7 8. Qd3 Ngf6
9. Rae1 O-O 10. Nd2 e5 11. h3 Rd8 12. d5 Nf8 13. f3 Ng6 14. Kh2 a6 15. Rg1 Bd7 16.
g3 b5 17. Nf1 b4 18. Nd1 cxd5 19. exd5 Qa5 20. c4 Qxa2 21. Bf2 Re8 22. Nd2 Qa5 23.
h4 gxh4 24. gxh4 Nf4 25. Qe3 Bf5 26. Ne4 Qd8 27. Rg3 N6h5 28. Rgg1 Kh7 29. b3 Ng6
30. Rxg6 fxg6 31. Rg1 Nf4 32. Bf1 Bf6 33. Nxf6+ Qxf6 34. Nb2 Rg8 35. Qb6 Rgb8 36.
Qc7+ Kh8 37. Na4 Rg8 38. Qb6 a5 39. Qe3 g5 40. Nb6 Rab8 41. Na4 Rb7 42. hxg5 hxg5
43. Kg3 Rh7 44. Nb2 g4 45. fxg4 Bxg4  0-1

[Event "Olomouc Chess Summer 2024 - D2"]
[Site "Olomouc (CZE), Hotel Flora"]
[Date "2024.08.12"]
[Round "4"]
[Board "21"]
[White "Hruska, Vladimir"]
[Black "Kolmas, Oldrich"]
[Result "1-0"]
[WhiteElo "1892"]
[BlackElo "1746"]
[PlyCount "0"]
[EventDate "2024.08.10"]
[EventRounds "9"]
[EventCountry "CZE"]

1. e4 e5 2. Nc3 Nf6 3. f4 d6 4. Nf3 Bg4 5. h3 Bxf3 6. Qxf3 Nc6 7. Bb5 a6 8. Ba4 b5
9. Nxb5 axb5 10. Bxb5 Qd7 11. Qc3 Ra6 12. Bxa6 Nxe4 13. Qf3 d5 14. Bb5 Bc5 15. d3
Bb4+ 16. Kd1 Nc5 17. c3 e4  1-0

[Event "Olomouc Chess Summer 2024 - D2"]
[Site "Olomouc (CZE), Hotel Flora"]
[Date "2024.08.13"]
[Round "5"]
[Board "1"]
[White "Kubicek, Antonin"]
[Black "Keprt, Pavel"]
[Result "1/2-1/2"]
[WhiteElo "2084"]
[BlackElo "1954"]
[PlyCount "0"]
[EventDate "2024.08.10"]
[EventRounds "9"]
[EventCountry "CZE"]

1. c4 e5 2. Nc3 f5 3. d4 exd4 4. Qxd4 Nc6 5. Qd2 Nf6 6. a3 a5 7. Nf3 d6 8. b3 Be7
9. Bb2 O-O 10. g3 Ne5 11. Bg2 c6 12. Nd4 Qe8 13. h3 Bd7 14. Qc2 Qg6 15. e3 Rab8 16.
Nce2 Ne4 17. Nf4 Qf7 18. g4 Bh4 19. Rf1 g5 20. Nxf5 Bxf5 21. gxf5 Nxf2 22. Rxf2 gxf4
23. O-O-O Bxf2 24. Qxf2 Qxf5 25. Bf1 Rbd8 26. exf4 Ng6 27. Qb6 Rd7 28. Bd3 Qxf4+
29. Kb1 Qf3 30. Bc2 Qxh3 31. Rg1 Rf1+ 32. Rxf1 Qxf1+ 33. Ka2 Qe2 34. Bf5 Rf7 35.
Qd8+ Rf8 36. Qd7 Qe7 37. Be6+ Rf7 38. Bxf7+ Kxf7 39. Qf5+ Kg8 40. Qxa5 Ne5 41. Qe1
c5 42. Qe4 Kg7 43. b4 b6 44. b5 Kf8 45. a4 Qf7 46. Kb3 Qc7 47. Bc3 Kg7 48. Qc6 Qd8
49. a5 bxa5 50. b6 Kf7 51. Bxe5 dxe5 52. Qd5+ Ke8 53. Qxe5+ Kf7 54. Qd5+ Ke8 55.
Qg8+ Kd7 56. Qd5+ Ke8 57. Qe5+ Kf7 58. Qd5+ Ke8  1/2-1/2

[Event "Olomouc Chess Summer 2024 - D2"]
[Site "Olomouc (CZE), Hotel Flora"]
[Date "2024.08.13"]
[Round "5"]
[Board "3"]
[White "Musil, Vitezslav"]
[Black "Kisa, Lubomir"]
[Result "1/2-1/2"]
[WhiteElo "1904"]
[BlackElo "2188"]
[PlyCount "0"]
[EventDate "2024.08.10"]
[EventRounds "9"]
[EventCountry "CZE"]

1. e4 c6 2. Nc3 g6 3. Nf3 d5 4. d3 Bg7 5. Be2 e5 6. O-O Ne7 7. exd5 cxd5 8. d4 e4
9. Ne5 Nbc6 10. f4 Qb6 11. Bb5 O-O 12. Bxc6 bxc6 13. Na4 Qc7 14. b3 f6 15. Ng4 Bxg4
16. Qxg4 Nf5 17. c3 Rfe8 18. Qh3 Bf8 19. g4 Nd6 20. f5 g5 21. Nc5 Nf7 22. Ne6 Qd7
23. Be3 a5 24. Qh5 Ra7 25. h4 gxh4 26. Qxh4 Bg7 27. Kg2 h6 28. Rh1 Rxe6 29. fxe6
Qxe6 30. Qg3 Rb7 31. Rh5 Ng5 32. Rah1 Rf7 33. Qb8+  1/2-1/2

[Event "Olomouc Chess Summer 2024 - D2"]
[Site "Olomouc (CZE), Hotel Flora"]
[Date "2024.08.13"]
[Round "5"]
[Board "4"]
[White "Sejkora, Vlastimil"]
[Black "Siebenburger, Vlastimil"]
[Result "1-0"]
[WhiteElo "2112"]
[BlackElo "1943"]
[PlyCount "0"]
[EventDate "2024.08.10"]
[EventRounds "9"]
[EventCountry "CZE"]

1. c4 c6 2. Nc3 d5 3. d4 Nf6 4. Nf3 e6 5. Bg5 dxc4 6. a4 Bb4 7. e3 Qa5 8. Bxf6 Bxc3+
9. bxc3 Qxc3+ 10. Nd2 gxf6 11. Bxc4 Nd7 12. O-O Nb6 13. Rc1 Qb4 14. Bb3 f5 15. e4
f4 16. Nf3 Rg8 17. Rc5 Nd7 18. Rg5 Rg6 19. e5 b6 20. Qd3 Bb7 21. Rxg6 hxg6 22. Ng5
Qe7 23. Ne4 O-O-O 24. Nd6+ Kb8 25. Qe4 f6 26. Rc1 Nf8 27. Qxf4 fxe5 28. dxe5 Nd7
29. a5 Nc5 30. Bc4 Qc7 31. axb6 axb6 32. Ra1 b5 33. Qe3 Qb6 34. Bxe6 Kc7 35. Bg4
Nd7 36. Ra7 Nc5 37. Qxc5  1-0

[Event "Olomouc Chess Summer 2024 - D2"]
[Site "Olomouc (CZE), Hotel Flora"]
[Date "2024.08.13"]
[Round "5"]
[Board "6"]
[White "Kamminga, Rob"]
[Black "Green, Per"]
[Result "1-0"]
[WhiteElo "1998"]
[BlackElo "1960"]
[PlyCount "0"]
[EventDate "2024.08.10"]
[EventRounds "9"]
[EventCountry "CZE"]

1. e4 c5 2. Nf3 e6 3. d3 Nc6 4. g3 d5 5. Nbd2 Nf6 6. Bg2 dxe4 7. dxe4 e5 8. O-O Be7
9. c3 O-O 10. Qe2 Qc7 11. Nc4 h6 12. Ne3 Be6 13. Nh4 Rfd8 14. Nhf5 Bf8 15. Qf3 Nh7
16. Nd5 Qc8 17. h4 Bxf5 18. exf5 f6 19. Qh5 Rd6 20. Ne3 Ne7 21. Be4 Rd7 22. Qe2 Qc7
23. a4 Rad8 24. Qc4+ Kh8 25. Qe6 Qb6 26. Qxb6 axb6 27. Nc4 Nc8 28. Be3 Be7 29. Rfe1
Nf8 30. Kf1 Kg8 31. Ke2 Bd6 32. Red1 Kf7 33. Rd3 Ke7 34. Rad1 Nh7 35. Kf3 Nf8 36.
Kg4 Bc7 37. Rxd7+ Rxd7 38. Rxd7+ Nxd7 39. Bxb7 Nd6 40. Nxd6 Kxd6 41. Bc8 Nb8 42.
Be6 Nc6 43. Kh5 Ne7 44. b4 cxb4 45. cxb4 g6+ 46. Kxh6 gxf5 47. Bb3 f4 48. gxf4 Nf5+
49. Kh5 Ke7 50. fxe5 fxe5 51. Bg5+ Kf8 52. Kg6 Nd4 53. Bd5 Nc2 54. Bd2 Nd4 55. h5
 1-0

[Event "Olomouc Chess Summer 2024 - D2"]
[Site "Olomouc (CZE), Hotel Flora"]
[Date "2024.08.13"]
[Round "5"]
[Board "7"]
[White "Petras, Milan"]
[Black "Bjornes, Leif"]
[Result "1/2-1/2"]
[WhiteElo "1985"]
[BlackElo "1909"]
[PlyCount "0"]
[EventDate "2024.08.10"]
[EventRounds "9"]
[EventCountry "CZE"]

1. Nc3 d5 2. f4 Nf6 3. e3 c5 4. Bb5+ Nc6 5. d3 Bd7 6. Nf3 a6 7. Bxc6 Bxc6 8. Ne5
Rc8 9. O-O e6 10. g4 Nd7 11. Qf3 Bd6 12. Nxc6 Rxc6 13. e4 d4 14. Ne2 e5 15. b3 Bc7
16. Bd2 Rg6 17. f5 Rc6 18. Be1 h5 19. Rf2  1/2-1/2

[Event "Olomouc Chess Summer 2024 - D2"]
[Site "Olomouc (CZE), Hotel Flora"]
[Date "2024.08.13"]
[Round "5"]
[Board "8"]
[White "Mlynek, Petr"]
[Black "Weiss, Petr"]
[Result "1-0"]
[WhiteElo "1979"]
[BlackElo "1634"]
[PlyCount "0"]
[EventDate "2024.08.10"]
[EventRounds "9"]
[EventCountry "CZE"]

1. d4 Nf6 2. c4 d5 3. cxd5 Qxd5 4. Nc3 Qd8 5. e4 e6 6. Nf3 Be7 7. Bd3 c6 8. O-O Nbd7
9. Bf4 Nf8 10. h3 h6 11. Re1 g5 12. Be5 Ng6 13. Bxf6 Bxf6 14. e5 Bg7 15. Bxg6 fxg6
16. Qc2 Kf7 17. Ne4 Bf8 18. Rad1 Kg7 19. Nd6 Bxd6 20. exd6 Qxd6 21. Ne5 Qe7 22. Qxg6+
Kf8 23. Re3  1-0

[Event "Olomouc Chess Summer 2024 - D2"]
[Site "Olomouc (CZE), Hotel Flora"]
[Date "2024.08.13"]
[Round "5"]
[Board "9"]
[White "Brousek, Jiri"]
[Black "Ortoft, Kai"]
[Result "1/2-1/2"]
[WhiteElo "1822"]
[BlackElo "1968"]
[PlyCount "0"]
[EventDate "2024.08.10"]
[EventRounds "9"]
[EventCountry "CZE"]

1. d4 Nf6 2. Nf3 d6 3. Nc3 Nbd7 4. e4 e5 5. Bc4 Be7 6. Bxf7+ Kxf7 7. Ng5+ Kg8 8.
Ne6 Qe8 9. Nxc7 Qg6 10. O-O Rb8 11. dxe5 dxe5 12. Be3 a6 13. Ba7 h5 14. Bxb8 Nxb8
15. N3d5 Bf8 16. Nxf6+ Qxf6 17. Qd5+ Kh7 18. Rad1 Nc6 19. Qc4 Qg5 20. Ne6 Qg6 21.
Nxf8+ Rxf8 22. Qd3 Bg4 23. f3 Bh3 24. Rf2 Nd4 25. Kh1 Bc8 26. c3 Ne6 27. Rfd2 Qg5
28. g3 Qf6 29. Rf2 Rd8 30. Qe2 Rf8 31. Rd6 Qe7 32. Rd5 Nc7 33. Rd2 Qc5  1/2-1/2

[Event "Olomouc Chess Summer 2024 - D2"]
[Site "Olomouc (CZE), Hotel Flora"]
[Date "2024.08.13"]
[Round "5"]
[Board "10"]
[White "Tylecek, Drahomir"]
[Black "Urban, Zdenek"]
[Result "0-1"]
[WhiteElo "1881"]
[BlackElo "2167"]
[PlyCount "0"]
[EventDate "2024.08.10"]
[EventRounds "9"]
[EventCountry "CZE"]

1. e4 d6 2. d4 Nf6 3. Nc3 e5 4. Nf3 Nbd7 5. Be2 Be7 6. O-O c6 7. dxe5 dxe5 8. h3
O-O 9. Be3 Qc7 10. a4 a5 11. Rb1 Rd8 12. Qc1 Nc5 13. Nd2 Ne6 14. Re1 Bc5 15. Nc4
Nd4 16. Bg5 Nxe2+ 17. Rxe2 Qe7 18. Ne3 h6 19. Bh4 g5 20. Bg3 Nh5 21. Kh2 Nf4 22.
Bxf4 gxf4 23. Nf5 Qg5 24. Qf1 Kh7 25. Rd1 Bxf5 26. exf5 f3 27. Re4 Rxd1 28. Nxd1
Qxf5 29. Qd3 fxg2 30. Re3 Qg6 31. Rg3 e4  0-1